1346 1513 1551 1808 1911 1676 1897 1250 1875 1072 1981 1464 1053 1086 1874 1452 1083 1955 1232 1249 1129 1449 1426 1321 1289 1759 1443 1594 1453 1770 1592 1546 1186 1310 1264 1563 1483 1420 1712 1210 1135 1270 1191 1074 1545 1972 1066 1813 1018 1672 1681 1677 1246 1073 1839 1959 1253 1553 1092 1089 1472 1775 1578 1791 1710 1880 1697 1555 1653 1901 1913 1467 1087 1610 1647 1817 1760 1656 1179 1934 1909 1278 1369 1548 1462 1515 1308 1540 1001 1575 1849 1767 1984 1946 1870 1050 1692 1383 1162 BCNSPRNW ULIB Ver.6.0+V

เปลี่ยนเป็นภาษาไทย

Change to English
 แสดงรายละเอียดบรรณานุกรม
  กลับหน้าหลัก

Brief Record : Get Marc (ISO 2709) : E-mail record : QR code < ปิดหน้าต่าง
LEADER : 00000nam 2200000uu 4500
001    13399123010
003     ULIB
008    131128s2555||||th 000 0 tha d
020    ^a9786162142505
090    ^aนว^bพ187พ ล.9
100 0  ^aพนมเทียน
245 10 ^aเพชรพระอุมา:จอมผีดิบมันตภัย เล่ม 1 /^cพนมเทียน
250    ^aพิมพ์รวมเล่มครั้งที่ 6
260    ^aกรุงเทพฯ :^bณ บ้านวรรณกรรม,^c2555
505 00 ^a^gล.1-4^tไพรมหากาฬ --^gล.5-8^tดงมรณะ -- ^gล.9-12^tจอมผีดิบมันตรัย -- ^gล.13-16^tอาถรรพณ์นิทรานคร -- ^gล.17-20^tป่าโลกล้านปี -- ^gล.21-24^tแงซายจอมจักรา -- ^gล.25-28^tจอมพราน -- ^gล.29-32^tไอ้งาดำ -- ^gล.33-36^tจิตรางคนางค์-- ^gล.37-40^tนาคเทวี -- ^gล.41-44^tแด่ปางบรรพ์ -- ^gล.45-48^tมงกุฎไพร
650  4 ^aนวนิยายไทย
945    ^p225^l0^i034213
999    ^aเกษร โพธิ์สุวรรณ
รายการนี้ยังไม่มีแท็ก
คุณยังไม่ได้ล็อกอิน คุณสามารถมีกิจกรรมร่วมกับเว็บไซต์ได้ แต่ต้องล็อกอินก่อน ::
  ล็อกอิน

รายการสื่อสารสนเทศ

ลำดับที่ ประเภท เลขเรียก/บาร์โค้ด สถานที่ สถานะ
1. นวนิยาย
นวนิยาย
นว พ187พ ล.9  
  Barcode: 034213
ห้องสมุดวิทยาเขตสวรรค์ประชารักษ์
►นวนิยาย
บนชั้น
  ขอยืม

รายการใกล้เคียง
    ผู้แต่ง [พนมเทียน]

    หัวเรื่อง [นวนิยายไทย]

BibComment


ยังไม่เคยถูกคอมเมนท์

คอมเมนท์ทรัพยากรรายการนี้
  คอมเมนท์: เพชรพระอุมาจอมผี..


 Copyright 2026. Bcnsprnw @Library